Kariera klubowa Davida Villi - Statystyki

Ogólne statystyki
  • Ten quiz został rozwiązany 357 razy
  • Średni wynik to 4 z 8
Statystyki odpowiedzi
Lata gry Klub % Poprawnych
2010 - 2013 FC Barcelona
99%
2005 - 2010 Valencia
70%
2013 - 2014 Atlético Madryt
69%
2003 - 2005 Real Saragossa
47%
2014 - 2018 New York City
45%
2019 Vissel Kobe
26%
2014 Melbourne City
12%
2000 - 2003 Sporting Gijón
12%
Nie znaleziono quizów pasujących do podanych kryteriów
Rozkład punktacji
Procent ludzi z każdym wynikiem
Percentyl według liczby udzielonych odpowiedzi
Twoja historia wyników
Nie rozwiązałeś tego quizu